All languages in the creole family - Statistics

General Stats
  • This quiz has been taken 34 times
  • The average score is 15 of 93
Answer Stats
Answer % Correct
Haitian
96%
Jamaican
75%
Guyanese
54%
Trinidadian
46%
Krio
43%
Vincentian
39%
Bajan
36%
Grenadian
36%
Tok pisin
36%
Belize
32%
Bislama
32%
Chavacano
32%
Guinea-Bissau
32%
Saotomense
32%
Kriol
29%
Ghanaian
25%
Juba
25%
Louisiana
25%
Reunion
25%
Sango
25%
Seychelles
25%
Sranan tongo
25%
Nicaragua
21%
Papiamentu
21%
Saramaccan
21%
Tobagonian
21%
Turks and Caicos
21%
Virgin islands
21%
Angolar
18%
Equatorial guinean
18%
Kabuverdianu
18%
Morisyen
18%
Nagamese
18%
Palenquero
18%
Pidgin
18%
Pidgin
18%
Pidgin
18%
Principense
18%
Torres Strait
18%
Afro Seminole
14%
Ambonese
14%
Bahamas
14%
Kituba
14%
Kituba
14%
Kwinti
14%
Papuan
14%
Pijin
14%
Flaaitaal
11%
Guadeloupean
11%
Ngatik
11%
Oorlams
11%
Betawi
7%
Guianese
7%
Javindo
7%
Negerhollands
7%
Nubi
7%
Petjo
7%
Pitcairn-Norfolk
7%
Unserdeutsch
7%
Yilan
7%
Andaman Hindi
4%
Aukan
4%
Baba
4%
Balinese
4%
Banda
4%
Berbice
4%
Cafundo
4%
Cocos Islands
4%
Cutchi-Swahili
4%
Fa d’Ambu
4%
Hawaii pidgin
4%
Indo-Portuguese
4%
Islander
4%
Karipuna
4%
Korlai
4%
Kupang
4%
Larantuka
4%
Leeward Caribbean
4%
Lesser Antillean
4%
Macanese
4%
Malaccan
4%
Malaccan
4%
Manado
4%
North Moluccan
4%
Peranakan
4%
Riverain
4%
San Miguel
4%
Sea island
4%
Skepi
4%
Sri Lankan
4%
Tayo
4%
Ternateno
4%
Tetun Dili
4%
No matching quizzes found
Score Distribution
Percent of People with Each Score
Percentile by Number Answered
Your Score History
You have not taken this quiz